00978nam a2200217Ia 4500003000400000005001700004008004100021040002100062041000800083082002400091100003300115245007600148260009200224300002700316490002400343500003300367500003300400520023700433650003200670650005800702OSt20200507102058.0191128s1989 ck gr 000 0dspa d aCO-JMCRcCO-JMCR0 aspa04a307.01416 / bS939b1 aSuárez, Hernán, eeditor10aBogotá en documentos : bbibliografía / ceditado Hernán Suárez aBogotá : bForo Nacional por Colombia : Instituto Frances de Estudios Andinos, c1989 a191 páginas c24 cm.0 aCiudad y democracia aIncluye índice de autores. aIncluye índice temático. aLa presente recopilación es uno de los productos de la investigación sobre políticas y gestión urbana de Bogotá 1968-1987; investigación realizada mediante convenio entre el Instituto Francés de Estudios Andinos, IFEA.14aDesarrollo urbano Urbanismo24aCondiciones económicas xAdministración pública